[Event "FIDE WCC Blitz Women 2019"]
[Site "Moscow"]
[Date "2019.12.29"]
[Round "4.13"]
[White "Gevorgyan, Maria"]
[Black "Abdumalik, Zhansaya"]
[Result "0-1"]
[WhiteElo "2244"]
[BlackElo "2415"]
[Annotator "TA"]
[PlyCount "66"]
[EventDate "2019.12.29"]
[EventType "swiss"]
[EventCountry "RUS"]
[SourceTitle "playchess.com"]
[Source "ChessBase"]
[SourceQuality "1"]

1. e4 e5 2. Nf3 Nc6 3. d4 exd4 4. Nxd4 Nf6 5. Nxc6 bxc6 6. e5 Qe7 7. Qe2 Nd5 8. h4 a5 9. c4 Ba6 10. Qe4 Nb6 11. Nc3 Qe6 12. b3 Bb4 13. Bd2 a4 14. g3 Bb7 15. Bh3 Qe7 16. O-O O-O 17. Qc2 d5 18. exd6 cxd6 19. a3 axb3 20. Qxb3 Bc5 21. a4 Ba6 22. Rfe1 Qa7 23. a5 Nxc4 24. Re2 Ne5 25. Rxe5 Bxf2+ 26. Kg2 dxe5 27. Ne4 Bd4 28. Rc1 Rab8 29. Qa3 c5 30. Qf3 Bb7 31. Kh2 Qa8 32. Re1 Bxe4 33. Rxe4 f5 0-1

[Event "FIDE WCC Blitz Women 2019"]
[Site "Moscow"]
[Date "2019.12.29"]
[Round "4.14"]
[White "Galliamova, Alisa"]
[Black "Potapova, Margarita"]
[Result "1-0"]
[WhiteElo "2415"]
[BlackElo "2259"]
[Annotator "NA"]
[PlyCount "81"]
[EventDate "2019.12.29"]
[EventType "swiss"]
[EventCountry "RUS"]
[SourceTitle "playchess.com"]
[Source "ChessBase"]
[SourceQuality "1"]

1. d4 Nf6 2. Nf3 e6 3. c4 b6 4. Bf4 Bb7 5. e3 g6 6. Nc3 Bg7 7. h3 O-O 8. Bd3 d6 9. O-O Nbd7 10. Bh2 Qe7 11. b4 e5 12. Bc2 a5 13. a3 Rfe8 14. bxa5 Rxa5 15. Nb5 c6 16. Nc3 Raa8 17. a4 Ba6 18. Nd2 Nh5 19. d5 c5 20. Nb5 Bxb5 21. axb5 f5 22. Rxa8 Rxa8 23. Bxf5 Nhf6 24. Be6+ Kh8 25. f4 e4 26. f5 g5 27. Qc2 Ra3 28. Nxe4 Nxe4 29. Qxe4 Rxe3 30. Qg4 Bd4 31. Kh1 Ne5 32. Qh5 Qf6 33. Bg1 Re4 34. Bxd4 cxd4 35. Ra1 Qe7 36. Ra8+ Kg7 37. Rg8+ Kf6 38. Qh6+ Ng6 39. fxg6 Re1+ 40. Kh2 Ke5 41. gxh7 1-0

[Event "FIDE WCC Blitz Women 2019"]
[Site "Moscow"]
[Date "2019.12.29"]
[Round "4.15"]
[White "Khomeriki, Nino"]
[Black "Saduakassova, Dinara"]
[Result "0-1"]
[WhiteElo "2177"]
[BlackElo "2390"]
[Annotator "NA"]
[PlyCount "119"]
[EventDate "2019.12.29"]
[EventType "swiss"]
[EventCountry "RUS"]
[SourceTitle "playchess.com"]
[Source "ChessBase"]
[SourceQuality "1"]

1. d4 Nf6 2. c4 e6 3. Nf3 b6 4. g3 Ba6 5. b3 d5 6. cxd5 exd5 7. Bg2 Bb4+ 8. Bd2 Be7 9. O-O O-O 10. Nc3 Bb7 11. Qc2 c5 12. Rad1 Nbd7 13. Bc1 Rc8 14. Bb2 Qc7 15. Qf5 g6 16. Qh3 c4 17. Ne5 Rcd8 18. f4 cxb3 19. axb3 Bb4 20. Rc1 Qb8 21. e3 a5 22. g4 Nxe5 23. fxe5 Ne8 24. Rf2 Ng7 25. Rcf1 Qc7 26. Ne2 Bc8 27. Nf4 Be6 28. Rc1 Qd7 29. Bf3 Rc8 30. Rfc2 Rxc2 31. Rxc2 Rc8 32. Rxc8+ Qxc8 33. Bxd5 Qc2 34. Qg2 Qd1+ 35. Qf1 Qxg4+ 36. Bg2 Bxb3 37. d5 Bc5 38. Bd4 Nf5 39. Bxc5 bxc5 40. Qf3 Qxf3 41. Bxf3 Nxe3 42. d6 Ba4 43. Nd3 Nc4 44. Nxc5 Nxe5 45. Nxa4 Nxf3+ 46. Kf2 Ne5 47. Nc5 Kf8 48. Ke3 f5 49. Kd4 Nf7 50. Kd5 f4 51. d7 Ke7 52. Kc6 Ne5+ 53. Kc7 Nxd7 54. Nxd7 f3 55. Nb6 f2 56. Nd5+ Ke6 57. Ne3 a4 58. Kc6 a3 59. Kc5 a2 60. Kd4 0-1

[Event "FIDE WCC Blitz Women 2019"]
[Site "Moscow"]
[Date "2019.12.29"]
[Round "4.16"]
[White "Cramling, Pia"]
[Black "Druzhinina, Olga"]
[Result "1-0"]
[WhiteElo "2383"]
[BlackElo "2245"]
[Annotator "NA"]
[PlyCount "67"]
[EventDate "2019.12.29"]
[EventType "swiss"]
[EventCountry "RUS"]
[SourceTitle "playchess.com"]
[Source "ChessBase"]
[SourceQuality "1"]

1. d4 Nf6 2. Nf3 g6 3. c4 Bg7 4. Nc3 d5 5. Bf4 O-O 6. e3 c5 7. dxc5 Qa5 8. Nd2 Rd8 9. Qb3 Ne4 10. Ncxe4 dxe4 11. O-O-O Qxc5 12. Be2 f5 13. f3 Qc6 14. Qb5 Be6 15. Nb3 Rc8 16. Qxc6 Nxc6 17. Nc5 Kf7 18. Nxe6 Kxe6 19. fxe4 Na5 20. exf5+ gxf5 21. b3 b5 22. Rd5 a6 23. g4 bxc4 24. Rxf5 cxb3+ 25. Kb1 bxa2+ 26. Kxa2 Rc2+ 27. Ka3 Rxe2 28. Rxa5 Rd2 29. Rb1 Rd3+ 30. Rb3 Rd1 31. Rh5 a5 32. Ka4 Ra1+ 33. Kb5 Rb8+ 34. Bxb8 1-0

[Event "FIDE WCC Blitz Women 2019"]
[Site "Moscow"]
[Date "2019.12.29"]
[Round "4.18"]
[White "Gunina, Valentina"]
[Black "Osmak, Iulija"]
[Result "1-0"]
[WhiteElo "2366"]
[BlackElo "2242"]
[Annotator "NA"]
[PlyCount "89"]
[EventDate "2019.12.29"]
[EventType "swiss"]
[EventCountry "RUS"]
[SourceTitle "playchess.com"]
[Source "ChessBase"]
[SourceQuality "1"]

1. e4 Nc6 2. Nf3 d6 3. d4 Bg4 4. d5 Nb8 5. h3 Bh5 6. Bb5+ c6 7. Ba4 Nf6 8. Nbd2 Qa5 9. c3 Bxf3 10. gxf3 g6 11. b4 Qc7 12. Bb2 Bg7 13. c4 O-O 14. f4 cxd5 15. cxd5 Qb6 16. Qb3 Nh5 17. Nc4 Qd8 18. Bxg7 Kxg7 19. Qe3 Nd7 20. Bd1 Nhf6 21. Bf3 Nb6 22. Na5 Qc7 23. Rc1 Qd7 24. Kf1 Rac8 25. Kg2 Rxc1 26. Rxc1 Rc8 27. Rd1 Rc7 28. e5 Ne8 29. e6 Qc8 30. exf7 Kxf7 31. Bg4 Qd8 32. f5 Nf6 33. fxg6+ hxg6 34. Qh6 Qf8 35. Be6+ Ke8 36. Qxg6+ Kd8 37. Rd3 Nc4 38. Nxc4 Rxc4 39. Rg3 Kc7 40. Qd3 Rc1 41. Qe3 Rc4 42. Qxa7 Qh6 43. Qa5+ Kb8 44. Qd8+ Ka7 45. Ra3# 1-0

[Event "FIDE WCC Blitz Women 2019"]
[Site "Moscow"]
[Date "2019.12.29"]
[Round "4.19"]
[White "Muzychuk, Mariya"]
[Black "Doluhanova, Evgeniya"]
[Result "1-0"]
[WhiteElo "2344"]
[BlackElo "2222"]
[Annotator "NA RC"]
[PlyCount "71"]
[EventDate "2019.12.29"]
[EventType "swiss"]
[EventCountry "RUS"]
[SourceTitle "playchess.com"]
[Source "ChessBase"]
[SourceQuality "1"]

1. e4 c5 2. Nf3 d6 3. Bb5+ Nd7 4. O-O a6 5. Bd3 g6 6. c3 Bg7 7. Bc2 Ngf6 8. d4 O-O 9. Re1 e5 10. dxe5 dxe5 11. a4 b6 12. Na3 Bb7 13. Nc4 Qc7 14. Qd6 Qxd6 15. Nxd6 Bc6 16. b4 Rfd8 17. Bb3 b5 18. Nxf7 c4 19. Nxd8 Rxd8 20. Bc2 h6 21. axb5 axb5 22. Ra6 Bb7 23. Ra7 Bc6 24. Rc7 Ba8 25. h3 Kf8 26. Rd1 Ke8 27. Nxe5 g5 28. Nc6 Bxc6 29. Rxc6 Ke7 30. Be3 Ra8 31. Bd4 Ra2 32. Rd2 Bf8 33. e5 Nd5 34. e6 Nb8 35. Bc5+ Kf6 36. e7+ 1-0

[Event "FIDE WCC Blitz Women 2019"]
[Site "Moscow"]
[Date "2019.12.29"]
[Round "4.20"]
[White "Girya, Olga"]
[Black "Dordzhieva, Dinara"]
[Result "1-0"]
[WhiteElo "2337"]
[BlackElo "2222"]
[Annotator "TA"]
[PlyCount "45"]
[EventDate "2019.12.29"]
[EventType "swiss"]
[EventCountry "RUS"]
[SourceTitle "playchess.com"]
[Source "ChessBase"]
[SourceQuality "1"]

1. d4 Nf6 2. c4 e6 3. Nf3 d5 4. Nc3 dxc4 5. e3 a6 6. Bxc4 b5 7. Be2 Bb7 8. O-O Nbd7 9. b3 c5 10. Bb2 Rc8 11. Rc1 Be7 12. a4 b4 13. Nb1 O-O 14. Nbd2 cxd4 15. Nxd4 Nd5 16. Nc4 Nc5 17. Bf3 Bf6 18. a5 Qe7 19. Bxd5 Bxd5 20. Nb6 Rcd8 21. Nf5 Qb7 22. Bxf6 gxf6 23. Qg4+ 1-0

[Event "FIDE WCC Blitz Women 2019"]
[Site "Moscow"]
[Date "2019.12.29"]
[Round "4.21"]
[White "Fataliyeva, Ulviyya"]
[Black "Heinemann, Josefine"]
[Result "1-0"]
[WhiteElo "2108"]
[BlackElo "2325"]
[Annotator "NA"]
[PlyCount "125"]
[EventDate "2019.12.29"]
[EventType "swiss"]
[EventCountry "RUS"]
[SourceTitle "playchess.com"]
[Source "ChessBase"]
[SourceQuality "1"]

1. Nf3 Nf6 2. b3 g6 3. Bb2 Bg7 4. g3 O-O 5. Bg2 d5 6. O-O c6 7. c4 a5 8. e3 a4 9. Qe2 axb3 10. axb3 Rxa1 11. Bxa1 Qb6 12. Qd1 Bf5 13. d4 Rd8 14. c5 Qa6 15. Nc3 Nbd7 16. b4 b5 17. cxb6 Nxb6 18. Re1 Nc4 19. Ne5 Nxe5 20. dxe5 Nd7 21. f4 Qb6 22. Qd4 Rb8 23. Qxb6 Rxb6 24. Na2 Bd3 25. Bd4 Rb7 26. Bf1 Bxf1 27. Kxf1 Nb6 28. e4 e6 29. Nc3 Nc4 30. Ra1 Bf8 31. Ra8 Kg7 32. exd5 cxd5 33. Bc5 Bxc5 34. bxc5 d4 35. Ne4 Ne3+ 36. Ke2 Nd5 37. Kd3 Rb2 38. Kxd4 Rxh2 39. c6 Rc2 40. Nc5 Rd2+ 41. Kc4 Rc2+ 42. Kd4 Rd2+ 43. Ke4 Rc2 44. Ra5 Rc4+ 45. Kd3 Rc3+ 46. Kd4 Rxg3 47. Nb7 Ne7 48. c7 Rb3 49. Nc5 Rb4+ 50. Kd3 Rxf4 51. Ra7 Rf3+ 52. Ke4 Rc3 53. Kd4 Nc6+ 54. Kxc3 Nxa7 55. Nd7 Nc8 56. Kc4 g5 57. Kc5 g4 58. Nb6 Ne7 59. Kd6 g3 60. Kxe7 g2 61. c8=Q g1=Q 62. Qf8+ Kg6 63. Qg8+ 1-0

[Event "FIDE WCC Blitz Women 2019"]
[Site "Moscow"]
[Date "2019.12.29"]
[Round "4.22"]
[White "Assaubayeva, Bibisara"]
[Black "Solozhenkina, Elizaveta"]
[Result "1-0"]
[WhiteElo "2323"]
[BlackElo "2214"]
[Annotator "NA"]
[PlyCount "53"]
[EventDate "2019.12.29"]
[EventType "swiss"]
[EventCountry "RUS"]
[SourceTitle "playchess.com"]
[Source "ChessBase"]
[SourceQuality "1"]

1. d4 Nf6 2. c4 e6 3. Nf3 d5 4. Nc3 Be7 5. Bf4 O-O 6. e3 Nbd7 7. c5 Nh5 8. Bd3 Nxf4 9. exf4 b6 10. c6 Nb8 11. Ne5 Bd6 12. a3 f5 13. Rc1 Bxe5 14. dxe5 Nxc6 15. Ne2 Bb7 16. Qc2 Rf7 17. b4 a6 18. h3 Nb8 19. Nd4 Re7 20. g4 g6 21. gxf5 exf5 22. Bxf5 gxf5 23. Nxf5 Re8 24. Rg1+ Kh8 25. Qxc7 Qxc7 26. Rxc7 Bc8 27. Nd6 1-0

[Event "FIDE WCC Blitz Women 2019"]
[Site "Moscow"]
[Date "2019.12.29"]
[Round "4.23"]
[White "Mammadzada, Gunay"]
[Black "Hejazipour, Mitra"]
[Result "0-1"]
[WhiteElo "2314"]
[BlackElo "2191"]
[Annotator "NA"]
[PlyCount "86"]
[EventDate "2019.12.29"]
[EventType "swiss"]
[EventCountry "RUS"]
[SourceTitle "playchess.com"]
[Source "ChessBase"]
[SourceQuality "1"]

1. e4 c5 2. Nf3 d6 3. d4 cxd4 4. Nxd4 Nf6 5. Nc3 a6 6. Be3 e5 7. Nb3 Be7 8. Rg1 h5 9. Qd2 Be6 10. O-O-O Ng4 11. g3 Nxh2 12. Be2 Ng4 13. Kb1 Nc6 14. f4 Nxe3 15. Qxe3 g6 16. Nc5 Qc8 17. Nxe6 fxe6 18. Rh1 Qd7 19. Na4 Qc7 20. Nb6 Rd8 21. c3 Nd4 22. cxd4 Qxb6 23. Qc3 exd4 24. Rxd4 Bf6 25. e5 dxe5 26. Rxd8+ Qxd8 27. Rd1 Qb8 28. Qd3 Kf7 29. Qd7+ Be7 30. fxe5 Qe8 31. Rf1+ Kg7 32. Qxe6 Bg5 33. Qd5 Qe7 34. Bc4 Rf8 35. Rd1 Rd8 36. Qf3 Rxd1+ 37. Qxd1 Qxe5 38. Qd7+ Qe7 39. Qd5 b5 40. Bb3 Qe1+ 41. Kc2 Qc1+ 42. Kd3 Qd2+ 43. Ke4 Qe3# 0-1

[Event "FIDE WCC Blitz Women 2019"]
[Site "Moscow"]
[Date "2019.12.29"]
[Round "4.24"]
[White "Antova, Gabriela"]
[Black "Nomin-Erdene, Davaademberel"]
[Result "1/2-1/2"]
[WhiteElo "1965"]
[BlackElo "2298"]
[Annotator "NA"]
[PlyCount "130"]
[EventDate "2019.12.29"]
[EventType "swiss"]
[EventCountry "RUS"]
[SourceTitle "playchess.com"]
[Source "ChessBase"]
[SourceQuality "1"]

1. d4 f5 2. c4 Nf6 3. g3 g6 4. Bg2 Bg7 5. Nh3 O-O 6. O-O Nc6 7. Nc3 d6 8. d5 Ne5 9. b3 Bd7 10. Bb2 c6 11. Qd2 Rb8 12. f4 Nf7 13. Nf2 Qa5 14. Rad1 Rfc8 15. Rfe1 Qd8 16. e4 fxe4 17. Ncxe4 Bf5 18. Nxf6+ exf6 19. dxc6 bxc6 20. Ne4 d5 21. cxd5 cxd5 22. Nc3 Qb6+ 23. Kh1 Qa6 24. Bxd5 Rc7 25. a4 Kh8 26. Ba1 Bg4 27. Rc1 Rd7 28. Qg2 Rbd8 29. h3 Bf5 30. Kh2 Qb6 31. Rcd1 Rd6 32. Bb2 Nh6 33. Ba3 R6d7 34. Bc4 Rxd1 35. Rxd1 Qc7 36. Nd5 Qb8 37. Qe2 Re8 38. Qd2 Nf7 39. Bb2 Nd6 40. Nxf6 Nxc4 41. bxc4 Rf8 42. Nd5 Qxb2 43. Qxb2 Bxb2 44. Rd2 Bg7 45. c5 h5 46. c6 Be4 47. c7 Rc8 48. Nc3 Rxc7 49. Nxe4 Rc4 50. Ng5 Kg8 51. Rd8+ Bf8 52. Ne6 Kf7 53. Nxf8 Rxa4 54. Nd7 Ke7 55. Rg8 Kxd7 56. Rxg6 Ra5 57. Kg2 Ke7 58. Kf3 Kf7 59. Rg5 Ra3+ 60. Ke4 Kf6 61. Kd4 a5 62. Kc4 h4 63. gxh4 Rxh3 64. Rxa5 Rxh4 65. Kb3 Rxf4 1/2-1/2

[Event "FIDE WCC Blitz Women 2019"]
[Site "Moscow"]
[Date "2019.12.29"]
[Round "4.25"]
[White "Mammadova, Gulnar"]
[Black "Semenova, Elena"]
[Result "1-0"]
[WhiteElo "2293"]
[BlackElo "2114"]
[Annotator "NA"]
[PlyCount "69"]
[EventDate "2019.12.29"]
[EventType "swiss"]
[EventCountry "RUS"]
[SourceTitle "playchess.com"]
[Source "ChessBase"]
[SourceQuality "1"]

1. e4 e5 2. Nf3 Nf6 3. Nc3 Nc6 4. a3 d6 5. d4 Bg4 6. Bb5 exd4 7. Qxd4 Bxf3 8. gxf3 a6 9. Bxc6+ bxc6 10. Rg1 c5 11. Qd3 g6 12. Bg5 Be7 13. Bh6 Nd7 14. Nd5 Ne5 15. Qe2 Bf8 16. Bg5 Qb8 17. Nf6+ Kd8 18. Nd5+ Kc8 19. b3 Qb5 20. Qe3 Bg7 21. Rd1 Qa5+ 22. b4 cxb4 23. axb4 Qb5 24. f4 Nd7 25. Qb3 h6 26. c4 Qb7 27. Bh4 Re8 28. f3 a5 29. b5 Nc5 30. Qa3 a4 31. Ne7+ Kd7 32. Nc6 Qc8 33. Qxc5 a3 34. Qd5 a2 35. Qxf7+ 1-0

[Event "FIDE WCC Blitz Women 2019"]
[Site "Moscow"]
[Date "2019.12.29"]
[Round "4.26"]
[White "Kashlinskaya, Alina"]
[Black "Bykova, Anastasia"]
[Result "1-0"]
[WhiteElo "2282"]
[BlackElo "2107"]
[Annotator "NA"]
[PlyCount "69"]
[EventDate "2019.12.29"]
[EventType "swiss"]
[EventCountry "RUS"]
[SourceTitle "playchess.com"]
[Source "ChessBase"]
[SourceQuality "1"]

1. d4 d5 2. c4 c6 3. cxd5 cxd5 4. Bg5 Nc6 5. Nc3 Qb6 6. Qd2 e6 7. e3 h6 8. Bh4 Nge7 9. Bd3 Bd7 10. Nf3 Nb4 11. Be2 Nf5 12. Bg3 Nxg3 13. hxg3 Be7 14. Ne5 Bc6 15. a3 Na6 16. Rc1 O-O 17. O-O Rfc8 18. f4 Be8 19. Bd3 Nc7 20. Bb1 Qd6 21. Qd3 g6 22. g4 Kg7 23. Rf3 a6 24. Rcf1 Nb5 25. f5 exf5 26. gxf5 Bg5 27. fxg6 f6 28. Nf7 Qe7 29. Nxg5 fxg5 30. Rf7+ Bxf7 31. Rxf7+ Qxf7 32. gxf7 Rh8 33. Qg6+ Kf8 34. Nxd5 Rd8 35. Qf6 1-0

[Event "FIDE WCC Blitz Women 2019"]
[Site "Moscow"]
[Date "2019.12.29"]
[Round "4.27"]
[White "Tomilova, Elena"]
[Black "Khademalsharieh, Sarasadat"]
[Result "0-1"]
[WhiteElo "2219"]
[BlackElo "2463"]
[Annotator "TA"]
[PlyCount "60"]
[EventDate "2019.12.29"]
[EventType "swiss"]
[EventCountry "RUS"]
[SourceTitle "playchess.com"]
[Source "ChessBase"]
[SourceQuality "1"]

1. d4 Nf6 2. Bg5 Ne4 3. Bf4 c5 4. f3 Nf6 5. d5 g6 6. Nc3 Bg7 7. e4 d6 8. Bb5+ Nbd7 9. a4 O-O 10. Nge2 a6 11. Bc4 Ne5 12. Bxe5 dxe5 13. Qd2 Ne8 14. a5 Nd6 15. b3 f5 16. O-O Bd7 17. Nc1 Bb5 18. Qe2 Qd7 19. Bxb5 axb5 20. Nd3 Qc7 21. exf5 c4 22. fxg6 cxd3 23. gxh7+ Kh8 24. Qxd3 e4 25. Nxe4 Nxe4 26. fxe4 Bxa1 27. Rxa1 Qe5 28. Re1 Rxa5 29. c3 b4 30. Qe3 Qxc3 0-1

[Event "FIDE WCC Blitz Women 2019"]
[Site "Moscow"]
[Date "2019.12.29"]
[Round "4.28"]
[White "Harika, Dronavalli"]
[Black "Atalik, Ekaterina"]
[Result "1-0"]
[WhiteElo "2445"]
[BlackElo "2211"]
[Annotator "NA RC"]
[PlyCount "69"]
[EventDate "2019.12.29"]
[EventType "swiss"]
[EventCountry "RUS"]
[SourceTitle "playchess.com"]
[Source "ChessBase"]
[SourceQuality "1"]

1. Nf3 d5 2. b3 Nf6 3. Bb2 e6 4. g3 b6 5. Bg2 Bb7 6. O-O Be7 7. c4 O-O 8. e3 dxc4 9. bxc4 c5 10. Nc3 Nc6 11. Qe2 Rc8 12. Rfd1 Qc7 13. Ne1 Qb8 14. f4 Rfd8 15. g4 Na5 16. g5 Ne8 17. d3 Qa8 18. h4 Bxg2 19. Nxg2 Nc6 20. h5 g6 21. Ne4 Nb4 22. Ng3 Bf8 23. a3 Nc6 24. Ne4 Ne7 25. Qc2 Nf5 26. h6 Nfd6 27. Qc3 Bg7 28. hxg7 Nxe4 29. dxe4 Qxe4 30. Kf2 Nd6 31. Rh1 Nxc4 32. Rxh7 Rd2+ 33. Qxd2 e5 34. Rah1 f5 35. Rh8+ 1-0

[Event "FIDE WCC Blitz Women 2019"]
[Site "Moscow"]
[Date "2019.12.29"]
[Round "4.29"]
[White "Lysenko, Margarita"]
[Black "Gaponenko, Inna"]
[Result "0-1"]
[WhiteElo "2188"]
[BlackElo "2415"]
[Annotator "NA"]
[PlyCount "66"]
[EventDate "2019.12.29"]
[EventType "swiss"]
[EventCountry "RUS"]
[SourceTitle "playchess.com"]
[Source "ChessBase"]
[SourceQuality "1"]

1. d4 g6 2. c4 Bg7 3. Nf3 d6 4. g3 Nd7 5. Bg2 e5 6. O-O Ne7 7. Nc3 O-O 8. dxe5 dxe5 9. Qc2 Nc6 10. Rd1 Nd4 11. Nxd4 exd4 12. Ne4 Qe7 13. Bg5 f6 14. Bf4 f5 15. Ng5 c6 16. Rac1 h6 17. Nf3 g5 18. Bc7 c5 19. Ba5 b6 20. Be1 Bb7 21. b4 g4 22. Nh4 Bxg2 23. Nxg2 cxb4 24. e3 Ne5 25. exd4 Nf3+ 26. Kh1 Nxd4 27. Qa4 a5 28. Nf4 Qe4+ 29. Ng2 f4 30. Bd2 fxg3 31. Be3 gxf2 32. Rf1 g3 33. h4 Qg4 0-1

[Event "FIDE WCC Blitz Women 2019"]
[Site "Moscow"]
[Date "2019.12.29"]
[Round "4.30"]
[White "Zatonskih, Anna"]
[Black "Bivol, Alina"]
[Result "1/2-1/2"]
[WhiteElo "2374"]
[BlackElo "2186"]
[Annotator "NA"]
[PlyCount "113"]
[EventDate "2019.12.29"]
[EventType "swiss"]
[EventCountry "RUS"]
[SourceTitle "playchess.com"]
[Source "ChessBase"]
[SourceQuality "1"]

1. e4 e6 2. d4 d5 3. Nd2 c5 4. exd5 exd5 5. Ngf3 Nf6 6. Be2 Bd6 7. dxc5 Bxc5 8. O-O O-O 9. Nb3 Bb6 10. c3 Ne4 11. Nbd4 Nc6 12. Be3 Bg4 13. Qc2 Qf6 14. Rad1 Rfd8 15. Qc1 h6 16. Rfe1 Rac8 17. a3 Nxd4 18. Bxd4 Bxd4 19. Rxd4 Bxf3 20. Bxf3 Ng5 21. Bg4 Rc4 22. Red1 Rxd4 23. Rxd4 Re8 24. h3 Qe5 25. Qd2 Ne4 26. Qe3 f5 27. Bf3 b6 28. Qd3 Nf6 29. Bxd5+ Kh7 30. Qd2 Rd8 31. Bf3 Re8 32. Rd6 g5 33. g3 g4 34. hxg4 fxg4 35. Bg2 h5 36. Rd4 Kg6 37. Bf1 h4 38. Bd3+ Kg7 39. gxh4 g3 40. Qf4 Qe1+ 41. Kg2 gxf2 42. Qxf2 Qe5 43. Qg3+ Qxg3+ 44. Kxg3 Re3+ 45. Kf4 Rh3 46. Ke5 Rh2 47. Kd6 Rxb2 48. Kc7 Rb3 49. Rc4 Rxa3 50. Kb7 Nd5 51. Rd4 Nxc3 52. Rd7+ Kf6 53. Rd6+ Ke5 54. Rd8 Nd5 55. Bc4 Ne3 56. Ba6 Ra4 57. h5 1/2-1/2

[Event "FIDE WCC Blitz Women 2019"]
[Site "Moscow"]
[Date "2019.12.29"]
[Round "4.31"]
[White "Pourkashiyan, Atousa"]
[Black "Shumilina, Alexandra"]
[Result "1-0"]
[WhiteElo "2327"]
[BlackElo "2139"]
[Annotator "NA"]
[PlyCount "78"]
[EventDate "2019.12.29"]
[EventType "swiss"]
[EventCountry "RUS"]
[SourceTitle "playchess.com"]
[Source "ChessBase"]
[SourceQuality "1"]

1. e4 c5 2. Nf3 d6 3. d4 cxd4 4. Nxd4 Nf6 5. Nc3 a6 6. Be2 e5 7. Nb3 Be7 8. O-O O-O 9. Be3 Be6 10. Qd3 Nbd7 11. a4 Qc7 12. Nd5 Bxd5 13. exd5 Rac8 14. c4 Rfe8 15. a5 Bf8 16. Rfd1 g6 17. Nd2 e4 18. Qa3 Ne5 19. b4 Bg7 20. Rac1 Nfg4 21. Bb6 Qe7 22. Nxe4 Nxh2 23. Qh3 f5 24. Nc3 Nhg4 25. c5 Nd7 26. Bxg4 fxg4 27. Qxg4 Nxb6 28. axb6 dxc5 29. d6 Qe6 30. Qxe6+ Rxe6 31. d7 Rd8 32. bxc5 Re7 33. c6 bxc6 34. b7 Be5 35. Ne4 Rexd7 36. Rxd7 Rxd7 37. f4 Bd4+ 38. Kh2 Rd8 39. Rxc6 Be5 1-0

[Event "FIDE WCC Blitz Women 2019"]
[Site "Moscow"]
[Date "2019.12.29"]
[Round "4.32"]
[White "Socko, Monika"]
[Black "Song, Yuxin"]
[Result "1-0"]
[WhiteElo "2286"]
[BlackElo "2128"]
[Annotator "NA"]
[PlyCount "71"]
[EventDate "2019.12.29"]
[EventType "swiss"]
[EventCountry "RUS"]
[SourceTitle "playchess.com"]
[Source "ChessBase"]
[SourceQuality "1"]

1. d4 Nf6 2. c4 e6 3. Nf3 d5 4. g3 Bb4+ 5. Nbd2 O-O 6. Bg2 dxc4 7. Qc2 a5 8. Qxc4 b6 9. a3 Ba6 10. Qc2 Be7 11. Nc4 c5 12. Nfe5 Ra7 13. dxc5 Bxc5 14. O-O Rc7 15. Qb3 Nbd7 16. Bf4 Nxe5 17. Nxe5 Bb7 18. Rfd1 Qa8 19. Bxb7 Qxb7 20. Nd3 Rd7 21. Nxc5 bxc5 22. Qc2 Rc8 23. Be5 Rxd1+ 24. Rxd1 Nd7 25. Bc3 Ra8 26. Qd2 Nf6 27. Bxa5 Qd5 28. Bc3 Qxd2 29. Rxd2 Nd5 30. Rc2 c4 31. Bd4 Ra4 32. e4 Ne7 33. Bc3 f6 34. Rd2 Kf7 35. Rd7 e5 36. Bb4 1-0

[Event "FIDE WCC Blitz Women 2019"]
[Site "Moscow"]
[Date "2019.12.29"]
[Round "4.33"]
[White "Bogumil, Tatiana"]
[Black "Kovalevskaya, Ekaterina"]
[Result "0-1"]
[WhiteElo "1996"]
[BlackElo "2286"]
[Annotator "NA"]
[PlyCount "77"]
[EventDate "2019.12.29"]
[EventType "swiss"]
[EventCountry "RUS"]
[SourceTitle "playchess.com"]
[Source "ChessBase"]
[SourceQuality "1"]

1. Nf3 Nf6 2. c4 c5 3. b3 g6 4. Bb2 Bg7 5. g3 O-O 6. Bg2 Nc6 7. O-O d6 8. d4 Ne4 9. Nc3 Nxc3 10. Bxc3 Bg4 11. e3 cxd4 12. exd4 e5 13. dxe5 Nxe5 14. Rc1 Qf6 15. Bxe5 dxe5 16. h3 Bf5 17. Qe2 Rad8 18. Rcd1 b6 19. Kh2 h6 20. Nh4 Be6 21. Rxd8 Rxd8 22. Nf3 Bf5 23. Rd1 Rxd1 24. Qxd1 Be4 25. Qe2 Bc6 26. Nd2 Bxg2 27. Kxg2 Qd6 28. Ne4 Qd4 29. f3 f5 30. Nf2 Kh7 31. h4 h5 32. Qd3 Qb2 33. a4 e4 34. fxe4 Bd4 35. Qf3 fxe4 36. Qf7+ Bg7 37. Kf1 Qc1+ 38. Ke2 Qc2+ 39. Ke3 0-1

[Event "FIDE WCC Blitz Women 2019"]
[Site "Moscow"]
[Date "2019.12.29"]
[Round "4.34"]
[White "Maltsevskaya, Aleksandra"]
[Black "Tsogzolmaa, Nanjid"]
[Result "1-0"]
[WhiteElo "2280"]
[BlackElo "1775"]
[Annotator "NA"]
[PlyCount "52"]
[EventDate "2019.12.29"]
[EventType "swiss"]
[EventCountry "RUS"]
[SourceTitle "playchess.com"]
[Source "ChessBase"]
[SourceQuality "1"]

1. e4 e6 2. d3 d5 3. Nd2 Nf6 4. g3 Nc6 5. Bg2 dxe4 6. dxe4 Bc5 7. Ngf3 e5 8. O-O O-O 9. c3 a5 10. Qa4 Bd7 11. Qb3 b6 12. h3 Qe7 13. Qc2 Rfd8 14. Nc4 h6 15. Ne3 Be6 16. b3 Qd7 17. Rd1 Qe7 18. Nd5 Nxd5 19. exd5 Bxd5 20. Rxd5 Rxd5 21. Ng5 hxg5 22. Bxd5 Qd6 23. Qe4 Rd8 24. Bxc6 Qd1+ 25. Kg2 Rd6 26. Qf3 Qc2 1-0

[Event "FIDE WCC Blitz Women 2019"]
[Site "Moscow"]
[Date "2019.12.29"]
[Round "4.35"]
[White "Ovezdurdiyeva, Jemal"]
[Black "Matveeva, Svetlana"]
[Result "1-0"]
[WhiteElo "1877"]
[BlackElo "2239"]
[Annotator "NA"]
[PlyCount "81"]
[EventDate "2019.12.29"]
[EventType "swiss"]
[EventCountry "RUS"]
[SourceTitle "playchess.com"]
[Source "ChessBase"]
[SourceQuality "1"]

1. d4 e6 2. c4 b6 3. Nc3 Bb7 4. e4 Bb4 5. Qc2 Ne7 6. Bd3 f5 7. a3 Bxc3+ 8. bxc3 O-O 9. Nf3 fxe4 10. Bxe4 Bxe4 11. Qxe4 Nbc6 12. O-O Nf5 13. d5 Nd6 14. Qd3 Na5 15. Ng5 Rf5 16. dxe6 Rxg5 17. Bxg5 Qxg5 18. exd7 Naxc4 19. Rae1 Rd8 20. f4 Qc5+ 21. Kh1 Rxd7 22. Re2 Qf5 23. Qg3 Ne4 24. Qh4 Ncd6 25. Rfe1 h6 26. c4 Nf6 27. h3 Nxc4 28. Re7 Nd6 29. R1e5 Qb1+ 30. Kh2 Rxe7 31. Rxe7 Nf5 32. Qe1 Nxe7 33. Qxb1 Ned5 34. Qb3 a5 35. g4 c6 36. g5 hxg5 37. fxg5 Ne4 38. g6 Nc5 39. Qf3 Nf6 40. Qxc6 a4 41. Qc8+ 1-0

[Event "FIDE WCC Blitz Women 2019"]
[Site "Moscow"]
[Date "2019.12.29"]
[Round "4.36"]
[White "Injac, Teodora"]
[Black "Nurgali, Nazerke"]
[Result "1-0"]
[WhiteElo "2236"]
[BlackElo "2075"]
[Annotator "NA"]
[PlyCount "67"]
[EventDate "2019.12.29"]
[EventType "swiss"]
[EventCountry "RUS"]
[SourceTitle "playchess.com"]
[Source "ChessBase"]
[SourceQuality "1"]

1. d4 d5 2. c4 e6 3. Nc3 Nf6 4. cxd5 exd5 5. Bg5 Be7 6. e3 O-O 7. Bd3 Nbd7 8. Qc2 h6 9. Bh4 b6 10. Nf3 Bb7 11. O-O c5 12. Rad1 Rc8 13. Bf5 Re8 14. Ne5 cxd4 15. exd4 Rc7 16. Qd3 Nf8 17. Rfe1 a6 18. Re3 b5 19. a3 Bc8 20. Rde1 Bxf5 21. Qxf5 g6 22. Qf3 g5 23. Bg3 Rc8 24. h4 Ng6 25. hxg5 hxg5 26. Qf5 Kg7 27. Nxg6 fxg6 28. Qxg5 Qd7 29. Be5 Qf5 30. Qxf5 gxf5 31. Nxd5 Kf7 32. Bxf6 Bxf6 33. Rxe8 Rxe8 34. Rxe8 1-0